Manual del platero (Record no. 50461)

MARC details
000 -LEADER
campo de control de longitud fija 00667nam a2200193 i 4500
001 - NÚMERO DE CONTROL
campo de control 50461
003 - IDENTIFICADOR DE NÚMERO DE CONTROL
campo de control ES-MaACL
005 - FECHA Y HORA DE LA ÚLTIMA TRANSACCIÓN
campo de control 20230906162202.0
007 - CAMPO FIJO DE DESCRIPCIÓN FÍSICA--INFORMACIÓN GENERAL
campo de control de longitud fija t|
008 - DATOS DE LONGITUD FIJA--INFORMACIÓN GENERAL
campo de control de longitud fija 030804s1958 sp a |||| | spa d
080 ## - NÚMERO DE LA CLASIFICACIÓN DECIMAL UNIVERSAL
Número de la Clasificación Decimal Universal 671.11(02)
100 1# - ENTRADA PRINCIPAL--NOMBRE DE PERSONA
Nombre de persona Cuzner, Bernard.
9 (RLIN) 42309
245 10 - MENCIÓN DEL TÍTULO
Título Manual del platero
Resto del título : diseño y manufactura de objetos de plata /
Mención de responsabilidad, etc. Bernard Cuzner ; versión de la 2ª edición inglesa por Luis Graupera Castañé.
260 ## - PUBLICACIÓN, DISTRIBUCIÓN, ETC.
Lugar de publicación, distribución, etc. Barcelona :
Nombre del editor, distribuidor, etc. Gustavo Gili,
Fecha de publicación, distribución, etc. 1958 (
Fabricante Imp. Juvenil)
300 ## - DESCRIPCIÓN FÍSICA
Extensión VIII, 213 p., 1 lám. :
Otras características físicas il. ;
Dimensiones 22 cm.
650 #4 - PUNTO DE ACCESO ADICIONAL DE MATERIA--TÉRMINO DE MATERIA
Término de materia o nombre geográfico como elemento de entrada Platería.
9 (RLIN) 148244
700 1# - ENTRADA AGREGADA--NOMBRE PERSONAL
Nombre de persona Graupera Castañé, Luis.
9 (RLIN) 59767
852 ## - LOCALIZACIÓN
Ubicación ES-MaACL
Número de control de estantería C-14197
Holdings
Estatus retirado Estado de pérdida Estado de daño No para préstamo Biblioteca de origen Biblioteca actual Ubicación en estantería Fecha de adquisición Fuente de adquisición Total de préstamos Signatura topográfica completa Código de barras Visto por última vez Precio de reemplazo Tipo de ítem Koha
        Biblioteca del Ateneo de Madrid Biblioteca del Ateneo de Madrid Sala Palomar 17/01/2008     C-14197 1053082 23/02/2023 23/02/2023 Libro impreso